[Event "Ruhrgebiet VK2 0910"]
[Site "Ruhrgebiet"]
[Date "2010.04.18"]
[Round "9.6"]
[White "Gustrau, Wolfgang"]
[Black "Gajda, Peter"]
[Result "0-1"]
[WhiteElo "1706"]
[BlackElo "1867"]
[PlyCount "94"]
[EventDate "2009.09.06"]
[EventType "team"]
[EventRounds "9"]
[EventCountry "GER"]
[SourceTitle "EXT 2011"]
[Source "ChessBase"]
[SourceDate "2010.11.26"]
[SourceVersion "1"]
[SourceVersionDate "2010.11.26"]
[SourceQuality "1"]
[WhiteTeam "Germania Kupferdreh"]
[BlackTeam "Kirchhellen SF"]
[WhiteTeamCountry "GER"]
[BlackTeamCountry "GER"]

1. e4 g6 2. d4 Bg7 3. Nc3 c6 4. Bc4 d6 5. Nf3 e6 6. 0-0 Ne7 7. Bg5 0-0 8. e5 d5 9. Be2 Nd7 10. Qd2 f6 11. exf6 Nxf6 12. Ne5 Nf5 13. g4 Nd6 14. f3 Nf7 15. Bd3 Qb6 16. Be3 Qxb2 17. Rab1 Qa3 18. Rb3 Qe7 19. Qg2 Rd8 20. Na4 Nxe5 21. dxe5 Nd7 22. f4 b5 23. Nc3 Nc5 24. Bxc5 Qxc5+ 25. Qf2 Qxf2+ 26. Rxf2 Bf8 27. Rb1 Bc5 28. Nd1 Rf8 29. Kg2 Bxf2 30. Nxf2 Rxf4 31. Kg3 Rf7 32. Nh3 a6 33. Ng5 Rf8 34. c3 Bd7 35. h4 Kg7 36. a3 h6 37. Nf3 c5 38. Nd2 Rf7 39. Nf3 Raf8 40. Be2 Rf4 41. Nd2 Ra4 42. Ra1 b4 43. c4 Rxa3+ 44. Rxa3 bxa3 45. Nb3 a2 46. Na1 Rb8 47. cxd5 exd5 0-1

[Event "Ruhrgebiet VK2 0910"]
[Site "Ruhrgebiet"]
[Date "2010.01.31"]
[Round "6.7"]
[White "Gustrau, Wolfgang"]
[Black "Miksche, Ronald"]
[Result "1-0"]
[WhiteElo "1706"]
[BlackElo "1991"]
[PlyCount "81"]
[EventDate "2009.09.06"]
[EventType "team"]
[EventRounds "9"]
[EventCountry "GER"]
[SourceTitle "EXT 2011"]
[Source "ChessBase"]
[SourceDate "2010.11.26"]
[SourceVersion "1"]
[SourceVersionDate "2010.11.26"]
[SourceQuality "1"]
[WhiteTeam "Germania Kupferdreh"]
[BlackTeam "Essen Werden"]
[WhiteTeamCountry "GER"]
[BlackTeamCountry "GER"]

1. e4 c5 2. Nf3 e6 3. Nc3 a6 4. d4 cxd4 5. Nxd4 Qc7 6. Nb3 Nf6 7. Be2 Bb4 8. Qd4 Nc6 9. Qe3 0-0 10. Bd2 d5 11. 0-0-0 Bxc3 12. Bxc3 Nxe4 13. Be1 Nf6 14. f4 Bd7 15. a3 Rac8 16. Bd3 e5 17. Bg3 e4 18. f5 Qd8 19. Be2 Bxf5 20. h3 Ne7 21. Be5 Nd7 22. Bd6 Be6 23. Nd4 Nf6 24. Nxe6 fxe6 25. Bh2 Nc6 26. Kb1 b5 27. c3 e5 28. g4 d4 29. Qg3 Nd5 30. Qg2 Ne3 31. Qxe4 Nxd1 32. Rxd1 Qf6 33. c4 Qg6 34. Qxg6 hxg6 35. cxb5 axb5 36. Bxb5 Rfe8 37. Rc1 Re6 38. Bc4 Kf7 39. Bxe5 Ke7 40. Bxe6 Kxe6 41. Bxd4 1-0